Normal view
MARC view
Entry Topical Term
001 - CONTROL NUMBER
- control field: 242400
003 - CONTROL NUMBER IDENTIFIER
- control field: OSt
005 - DATE AND TIME OF LATEST TRANSACTION
- control field: 20251016170102.0
008 - FIXED-LENGTH DATA ELEMENTS
- fixed length control field: 251016|| aca||aabn | a|a d
040 ## - CATALOGING SOURCE
- Original cataloging agency: OSt
- Transcribing agency: OSt
150 ## - HEADING--TOPICAL TERM
- Topical term or geographic name entry element: Einsteins Quantum Theory of Radiation
670 ## - SOURCE DATA FOUND
- Source citation: Work cat.: (OSt)240567: B B Laud 242399, Lasers and non linear optics Ed 4, 2025